000 01331nam a2200337Ia 4500
001 ebr10739166
003 CaPaEBR
006 m o u
007 cr cn|||||||||
008 130502s2013 vaua sb 001 0 eng d
010 _z 2013008947
020 _z9781416615491 (pbk. : alk. paper)
020 _z1416615490 (pbk. : alk. paper)
020 _z9781416616788
040 _aCaPaEBR
_cCaPaEBR
035 _a(OCoLC)854585721
050 1 4 _aLB1731.6
_b.K34 2013eb
100 1 _aKachur, Donald S.
245 1 0 _aEngaging teachers in classroom walkthroughs
_h[electronic resource] /
_cDonald S. Kachur, Judith A. Stout, Claudia L. Edwards.
260 _aAlexandria, Va. :
_bASCD,
_c[2013]
300 _axvii, 170 p. :
_bill.
504 _aIncludes bibliographical references and index.
533 _aElectronic reproduction.
_bPalo Alto, Calif. :
_cebrary,
_d2013.
_nAvailable via World Wide Web.
_nAccess may be limited to ebrary affiliated libraries.
650 0 _aObservation (Educational method)
650 0 _aSchool improvement programs.
655 7 _aElectronic books.
_2local
700 1 _aStout, Judith A.
700 1 _aEdwards, Claudia L.
710 2 _aebrary, Inc.
856 4 0 _uhttp://site.ebrary.com/lib/rucke/Doc?id=10739166
_zAn electronic book accessible through the World Wide Web; click to view
999 _c150625
_d150625